| 000 | 00450nam a22001937a 4500 | ||
|---|---|---|---|
| 003 | MPLRDC | ||
| 005 | 20220104142418.0 | ||
| 008 | 210129b ||||| |||| 00| 0 eng d | ||
| 020 | _a957-9610-25-8 | ||
| 082 | _a857.8 MGJD v.27 | ||
| 100 | _a纳兰真 | ||
| 245 |
_a废园故事 _c |
||
| 250 | _a初版 | ||
| 260 |
_a _b剧场出版社 _c1996 |
||
| 300 | _b平 | ||
| 490 | _a玫瑰经典. 27 | ||
| 650 | _a小说 | ||
| 942 |
_cBK _o857.8 MGJD v.27 |
||
| 999 |
_c30701 _d30691 |
||